Biathlon WM - Alle Weltmeister 2000er - Statistiken

Allgemein
  • Dieses Quiz wurde 201 mal gespielt
  • Das Durchschnittsergebnis liegt bei 20 aus 33
Antwortstatistiken
Disziplin Jahr Weltmeister % Korrekt
Einzel 2009 Ole Einar Björndalen
96%
Sprint 2003 Ole Einar Björndalen
96%
Sprint 2005 Ole Einar Björndalen
96%
Sprint 2007 Ole Einar Björndalen
96%
Sprint 2009 Ole Einar Björndalen
96%
Verfolgung 2005 Ole Einar Björndalen
96%
Verfolgung 2007 Ole Einar Björndalen
96%
Verfolgung 2008 Ole Einar Björndalen
96%
Verfolgung 2009 Ole Einar Björndalen
96%
Massenstart 2003 Ole Einar Björndalen
96%
Massenstart 2005 Ole Einar Björndalen
96%
Einzel 2004 Raphael Poiree
70%
Einzel 2007 Raphael Poiree
70%
Sprint 2004 Raphael Poiree
70%
Massenstart 2000 Raphael Poiree
70%
Massenstart 2001 Raphael Poiree
70%
Massenstart 2002 Raphael Poiree
70%
Massenstart 2004 Raphael Poiree
70%
Massenstart 2007 Michael Greis
65%
Verfolgung 2003 Ricco Groß
62%
Verfolgung 2004 Ricco Groß
62%
Einzel 2008 Emil Hegle Svendsen
60%
Massenstart 2008 Emil Hegle Svendsen
60%
Verfolgung 2000 Frank Luck
44%
Sprint 2000 Frode Andresen
27%
Einzel 2003 Halvard Hanevold
27%
Massenstart 2009 Dominik Landertinger
21%
Sprint 2008 Maxim Tschudow
9%
Einzel 2001 Paavo Puurunen
6%
Sprint 2001 Pawel Rostowzew
6%
Verfolgung 2001 Pawel Rostowzew
6%
Einzel 2000 Wolfgang Rottmann
6%
Einzel 2005 Roman Dostal
5%
Keine übereinstimmenden Quizze gefunden
Verteilung der Resultate
Anzahl Personen mit jedem Resultat
Perzentil nach korrekt beantworteten Fragen
Ihre Resultats-Entwicklung
Sie haben dieses Quiz noch nicht gespielt